| 000 | 00423nam a22001697a 4500 | ||
|---|---|---|---|
| 003 | NUST | ||
| 020 | _a0-07-100499-8 | ||
| 038 | _akhadija | ||
| 082 |
_a621.43 _bHEY |
||
| 100 |
_aHeywood, John B. _987125 |
||
| 245 |
_aInternal Combustion Engine Fundamentals / _cJohn B. Heywood |
||
| 260 |
_aNew Delhi : _bMcGraww Hill , _c1988. |
||
| 300 |
_a930 p. ; _b23 cm. |
||
| 500 | _aPaperback. | ||
| 563 | _aPB | ||
| 942 |
_cBK _2ddc |
||
| 999 |
_c34073 _d34073 |
||